Geography Quiz

Random Geography or City Quiz

Top 10 Beach Cities Quiz Stats

 Plays Quiz not verified by Sporcle

Score 0/10 Timer 10:00
0 Plays Today
% Correct
Miami Beach, Florida
89.8%
Rio De Janeiro, Brazil
63.8%
Sydney, Australia
57.6%
Barcelona, Spain
39.6%
Honolulu, Hawaii
39.4%
Cape Town, South Africa
28.6%
Nice, France
24.3%
Tel Aviv, Israel
16%
Vancouver, British Columbia
8%
Santa Monica, California
7.8%

You're not logged in!

Compare scores with friends on all Sporcle quizzes.
OR
Log In

Show Comments

Extras

Top Quizzes Today


Score Distribution

Your Account Isn't Verified!

In order to create a playlist on Sporcle, you need to verify the email address you used during registration. Go to your Sporcle Settings to finish the process.

Report this User

Report this user for behavior that violates our Community Guidelines.

Details: